Find Every Wham! Songs - Statistics

General Stats
  • This quiz has been taken 95 times
  • The average score is 17 of 24
Answer Stats
Answer % Correct
1 Wake Me Up Before You Go-Go
92%
4 Wham Rap! (Enjoy What You Do)
89%
5 Club Tropicana
87%
2 Everything She Wants
87%
8 Last Christmas (Pudding Remix)
84%
1 The Edge Of Heaven
84%
1 Bad Boys
82%
8 Young Guns (Go For It!)
82%
3 I'm Your Man
79%
8 Careless Whisper (George Michael)
76%
5 Freedom
76%
2 Battlestations
68%
7 Credit Card Baby
66%
3 Love Machine
61%
2 A Ray Of Sunshine
58%
6 Blue
58%
3 Heartbeat
58%
6 If You Were There
58%
6 Nothing Looks The Same In The Light
58%
4 Like A Baby
55%
7 Where Did Your Heart Go?
55%
7 Come On
53%
5 A Different Corner
50%
4 Wham Rap'86
42%
No matching quizzes found
Score Distribution
Percent of People with Each Score
Percentile by Number Answered
Your Score History
You have not taken this quiz